Quizzes
Events
Quiz Creation
Community
Videos
Private Events
Remove Ads
Sign In
Join for FREE
Feedback
Dark Mode
Quiz Categories
Sports
Geography
Music
Movies
Television
Just For Fun
Miscellaneous
History
Literature
Language
Science
Gaming
Entertainment
Religion
Holiday
For Kids
Quiz Lab
Recent
Popular Today
Quiz Kudos Today
Editor Picks
Curator Picks
Quizzes by...
Day
Popularity
Type
Ratings
Length
Year
Community
Subscriptions
Recent Discussions
Orange Saloon
Badges
Playlists
Quests
Create
Leaderboards
Showdown
Live 5
Trivia Bingo
Activity
Puzzle Library
Sporcle Events
Private Events
Virtual Trivia
Globe League
Become a Host
Pub Owners
SporcleCon
Opinionation
Our Games
Videos
Blog
Mobile Apps
Partnerships
Remove Ads and Go Orange
Feedback
Music
Pop Music
The Beatles
Song
Album
Lyrics
Bands
Singers
Artist
Clip
Rock
Rap
Classical
Billboard
Country Music
Kpop
Taylor Swift
Music
Pop Music
The Beatles
Song
Album
Lyrics
Bands
Singers
Artist
Clip
Rock
Rap
Classical
Billboard
Country Music
Kpop
Taylor Swift
Random Quiz
Search Sporcle
×
Quiz Lab
Quiz Lab
Music
Rock
Type in answers that appear in a list
Type in answers that appear in a list
Classic
Best Score? Go Orange.
Alt. Rock Lyrics of the 80s - #1 Stats
Can you name the Alt. Rock Lyrics of the 80s - #1
By
StevieB82
10m
262 Questions
136 Plays
136 Plays
136 Plays
Comments
Comments
Give Quiz Kudos
Give Quiz Kudos
-
- Ratings
hide this ad
More Info
Replay
Link that replays current quiz
Next Quiz
Link to next quiz in quiz playlist
You Got
0%
They Got
Avg Score
41%
Avg Friend Score
Upgrade to see
Score Distribution
Jump to the score distribution portion of the page
Score
0/262
Timer
10:00
0
Plays Today
Answer
% Correct
I
98.5%
I
98.5%
I
98.5%
I
98.5%
I
98.5%
I
98.5%
a
97.1%
a
97.1%
a
97.1%
a
97.1%
a
97.1%
a
97.1%
a
97.1%
a
97.1%
a
97.1%
a
97.1%
a
97.1%
a
97.1%
the
94.1%
the
94.1%
the
94.1%
the
94.1%
the
94.1%
the
94.1%
the
94.1%
the
94.1%
the
94.1%
the
94.1%
The
94.1%
the
94.1%
the
94.1%
the
94.1%
the
94.1%
the
94.1%
the
94.1%
the
94.1%
you
89.7%
you
89.7%
to
83.8%
to
83.8%
to
83.8%
to
83.8%
to
83.8%
to
83.8%
to
83.8%
to
83.8%
to
83.8%
to
83.8%
in
82.4%
in
82.4%
in
82.4%
in
82.4%
in
82.4%
And
81.6%
And
81.6%
and
81.6%
And
81.6%
and
81.6%
is
80.1%
on
79.4%
on
79.4%
be
78.7%
be
78.7%
he
77.9%
Who
75%
who
75%
go
73.5%
your
72.8%
your
72.8%
your
72.8%
your
72.8%
of
69.1%
of
69.1%
of
69.1%
that
69.1%
that
69.1%
can
68.4%
can
68.4%
my
66.2%
if
66.2%
my
66.2%
one
65.4%
one
65.4%
you're
64.7%
They
64.7%
you're
64.7%
There
64%
I'm
64%
Answer
% Correct
too
63.2%
it's
60.3%
all.
58.1%
All
58.1%
only
57.4%
only
57.4%
Am
55.9%
Am
55.9%
I'll
55.1%
then
55.1%
then
55.1%
then
55.1%
then
55.1%
know
51.5%
now
48.5%
now,
48.5%
at
47.8%
at
47.8%
at
47.8%
like
47.1%
just
46.3%
with
44.1%
with
44.1%
here.
42.6%
Here
42.6%
Here
42.6%
here
42.6%
here.
42.6%
here
42.6%
Here
42.6%
out
40.4%
out
40.4%
out
40.4%
take
39.7%
never
39.7%
take
39.7%
never
39.7%
up
39%
day
39%
up,
39%
his
39%
his
39%
up,
39%
Well
35.3%
Well
35.3%
nothing
34.6%
live
30.1%
wants
30.1%
wants
30.1%
late
29.4%
that's
29.4%
life,
27.9%
gonna
26.5%
away.
25.7%
much
25%
much
25%
says
24.3%
goes
22.1%
muc
22.1%
comes
20.6%
comes
20.6%
comes
20.6%
comes
20.6%
comes
20.6%
person
19.1%
back
19.1%
back
19.1%
back
19.1%
Cause
18.4%
ain't
17.6%
ain't
17.6%
mood
17.6%
call
17.6%
Call
17.6%
baby
17.6%
Call
17.6%
Eyes,
17.6%
call.
17.6%
Ain't
17.6%
after
16.2%
today?
16.2%
Once
16.2%
once
16.2%
everything
16.2%
home,
15.4%
everybody
15.4%
even
15.4%
Everybody
15.4%
Answer
% Correct
place
14.7%
used
14.7%
made
14%
feels
14%
mean
13.2%
mean
13.2%
big
13.2%
hard
12.5%
stay
12.5%
name
12.5%
name.
12.5%
another
12.5%
show
12.5%
name.
12.5%
sometimes
11%
last
11%
God
10.3%
work
9.6%
fall.
9.6%
house.
9.6%
fall.
9.6%
arms
8.8%
Turn
8.8%
great
8.1%
sick
8.1%
fool
8.1%
First
8.1%
First
8.1%
someone's
7.4%
someone's
7.4%
Someone's
7.4%
Old
7.4%
rest
7.4%
special
6.6%
regular.
6.6%
regular.
6.6%
regular.
6.6%
regular.
6.6%
Sad
6.6%
thirst
5.9%
cut
5.9%
anyway
5.9%
loud
5.9%
clear.
5.9%
anyway.
5.9%
fear.
5.9%
money
5.9%
wind
5.9%
leaves
5.9%
pass,
5.9%
anyway
5.9%
town.
5.1%
door
5.1%
Summer's
4.4%
passed,
4.4%
grass.
4.4%
buy.
4.4%
wastes
4.4%
guts.
4.4%
lights,
4.4%
rake
3.7%
picture
3.7%
fridge
3.7%
stocked
3.7%
food.
3.7%
whiskey
3.7%
ya
3.7%
ashamed?
3.7%
pay
3.7%
rake
3.7%
loudmouths.
2.9%
drinkin'
2.9%
knocks
2.9%
slams
2.9%
shut.
2.9%
blow.
2.9%
buddy
2.2%
bound
2.2%
police
2.2%
opportunity
2.2%
begins
2.2%
glass,
2.2%
alongside
1.5%
snow.
1.5%
Kneeling
0.7%
collar
0.7%
Quiz Playlist
Details
Report
Send in Message
Add To Playlist
More Info:
Because there was more to the 80s than Bon Jovi. Really!
Classic:
Type in answers that appear in a list
Last Updated: Feb 16, 2017
Quiz Scoreboard
CHALLENGE
Sign Up to Join the Scoreboard
Show All
Scores
Hide
Comments
May contain spoilers
Recently Published
1-10 Letter E Words III
by El_Dandy
Language
2m
One Thing in Common: World Cities II
by knightlancer
Geography
7m
Popular People in 1961
by mucciniale
History
6m
More to Explore
Quiz From the Vault
Featured Blog Post
Where Did the Easter Bunny Come From?
hide this ad
You Might Also Like...
Tags
Rock Quiz
alt
Alt Rock
Today's Top Quizzes in Music
Browse Music
hide this ad
Today's Top Quizzes in Rock
Browse Rock
Top Contributed Quizzes in Music
1
Taylor Swift All Songs (2024)
2
2010s Album by Cover III
3
Taylor Swift Logic Puzzle
4
One Thing in Common: Music
5
Guess the Artist- 70s Songs
6
Guess the Taylor Swift song (Mystery Song)
7
2010s Album by Cover V
8
2010s Album by Cover IV
9
Lana Del Rey Discography (BTD to DYKTTATUOB)
10
KPOP LOGIC QUIZ
Explore More
Trending Topics
Crossword
Disney
NBA
Marvel
Kpop
Anime
Harry Potter
Soccer
WWE
The Office
Pokémon
Country
NFL
Puzzle
Song
hide this ad
More By:
StevieB82
Quiz
Plays
Rating
Category
Featured
Created
Ant... or Aunt?
9,057
4.54
Miscellaneous
Feb 2, 2022
Who are they, really?
1,184
4.75
Music
Nov 21, 2016
MASH Character Relatives
846
5.00
Television
Nov 22, 2014
Songs to Cry Over
442
4.43
Music
Sep 21, 2017
What's the next line - Film Comedies (pretty easy))
290
4.17
Movies
Mar 27, 2015
Go to Creator's Profile
Score Distribution
Quiz Creator Spotlight
StevieB82
Follow
Send a Message
Quizzes Created
-
Created Quiz Play Count
-
More By This Creator
Popular Quizzes Today
1
Find the US States - No Outlines Minefield
2
Find the Countries of Europe - No Outlines Minefield
3
The Countries of the World
4
Popular People in 1961
5
1-10 Letter E Words III
6
Find the US States
7
One Thing in Common: World Cities II
8
US States
More Music Quizzes
Follow that Lyric: Aladdin
Quiz Lab
Trending Quizzes
Risky Map Clicking: Least Populous States A-Z
1-10 Letter F Words
1-10 Letter G Words
One Thing in Common: United Kingdom
Risky Map Clicking: Next State Alphabetically
Recently Updated
Leaping Animals
pecheneg
Reality TV Shows (A-Z)
bhenderson79
Rickey Henderson's Hall of Fame Teammates
pecheneg
Champions League XIs: Arsenal
pecheneg
Quick Pick: Celebrities in WWE's Hall of Fame
aduchscher
A-Z Keypad Blitz II
pecheneg
Multiple Oscar Actors
pecheneg
Mystery Phrase Blitz: Oscar 'Best Actors'
pecheneg
F. Scott Fitzgerald Novels
LTH
Pick 3 Villains
ddd62291
Trending Topics
NBA
Anime
Marvel
Disney
Crossword
Harry Potter
Kpop
Song
Country
The Office
Puzzle
Pokémon
WWE
NFL
Soccer
Your Account Isn't Verified!
In order to create a playlist on Sporcle, you need to verify the email address you used during registration. Go to your
Sporcle Settings
to finish the process.
Report this User
Report this user for behavior that violates our
Community Guidelines
.
Details:
Send Report
Go to the Sporcle.com Mobile Site →
Comments